<?xml version="1.0" encoding="UTF-8"?>
<record
    xmlns:xsi="http://www.w3.org/2001/XMLSchema-instance"
    xsi:schemaLocation="http://www.loc.gov/MARC21/slim http://www.loc.gov/standards/marcxml/schema/MARC21slim.xsd"
    xmlns="http://www.loc.gov/MARC21/slim">

  <leader>02876nam a2200421 i 4500</leader>
  <controlfield tag="001">193332</controlfield>
  <controlfield tag="003">SpMaBN</controlfield>
  <controlfield tag="005">20250825062731.0</controlfield>
  <controlfield tag="007">ta</controlfield>
  <controlfield tag="008">231102s2022    sp     | |||| 000 0 spa  </controlfield>
  <datafield tag="017" ind1=" " ind2=" ">
    <subfield code="a">B 18816-2021</subfield>
    <subfield code="b">Oficina Dep&#xF3;sito Legal Barcelona</subfield>
  </datafield>
  <datafield tag="020" ind1=" " ind2=" ">
    <subfield code="a">9788430624430</subfield>
  </datafield>
  <datafield tag="035" ind1=" " ind2=" ">
    <subfield code="a">a7055270</subfield>
  </datafield>
  <datafield tag="040" ind1=" " ind2=" ">
    <subfield code="a">SpMaBN</subfield>
    <subfield code="b">spa</subfield>
    <subfield code="c">SpMaBN</subfield>
    <subfield code="e">rda</subfield>
    <subfield code="d">ES-MaACL</subfield>
  </datafield>
  <datafield tag="080" ind1=" " ind2=" ">
    <subfield code="a">929 Maar, Dora</subfield>
  </datafield>
  <datafield tag="100" ind1="1" ind2=" ">
    <subfield code="9">234532</subfield>
    <subfield code="a">Benkemoun, Brigitte</subfield>
    <subfield code="e">aut</subfield>
  </datafield>
  <datafield tag="245" ind1="1" ind2="0">
    <subfield code="a">En busca de Dora Maar :</subfield>
    <subfield code="b">[una artista, una libreta de direcciones, una vida] /</subfield>
    <subfield code="c">Brigitte Benkemoun ; traducci&#xF3;n de Julia Calzada Garc&#xED;a</subfield>
  </datafield>
  <datafield tag="250" ind1=" " ind2=" ">
    <subfield code="a">Primera edici&#xF3;n: febrero de 2022</subfield>
  </datafield>
  <datafield tag="264" ind1=" " ind2="1">
    <subfield code="a">[Barcelona] :</subfield>
    <subfield code="b">Taurus,</subfield>
    <subfield code="c">2022</subfield>
  </datafield>
  <datafield tag="300" ind1=" " ind2=" ">
    <subfield code="a">254 p&#xE1;ginas ;</subfield>
    <subfield code="c">24 cm</subfield>
  </datafield>
  <datafield tag="336" ind1=" " ind2=" ">
    <subfield code="a">Texto</subfield>
    <subfield code="2">rdacontent</subfield>
  </datafield>
  <datafield tag="337" ind1=" " ind2=" ">
    <subfield code="a">sin mediaci&#xF3;n</subfield>
    <subfield code="2">rdamedia</subfield>
  </datafield>
  <datafield tag="338" ind1=" " ind2=" ">
    <subfield code="a">volumen</subfield>
    <subfield code="2">rdacarrier</subfield>
  </datafield>
  <datafield tag="490" ind1="1" ind2=" ">
    <subfield code="a">Taurus biograf&#xED;as</subfield>
  </datafield>
  <datafield tag="500" ind1=" " ind2=" ">
    <subfield code="a">&#xCD;ndice</subfield>
  </datafield>
  <datafield tag="520" ind1=" " ind2=" ">
    <subfield code="a">La apasionante vida de una artista de vanguardia contada a partir del descubrimiento fortuito de una libreta de direcciones.

En busca de un reemplazo para la agenda Herm&#xE8;s que ha perdido su marido, Brigitte Benkemoun compra una antigua en eBay. Casi id&#xE9;ntica a la original, con &#xAB;el mismo cuero liso, pero m&#xE1;s rojo, m&#xE1;s suave, y con una p&#xE1;tina brillante&#xBB;, esconde en su interior una libreta de direcciones que data de 1951. Al hojearla, descubre con gran fascinaci&#xF3;n que los nombres que aparecen en sus veinte p&#xE1;ginas (en la B, Breton, Braque y Balthus; en la C, Cocteau; en la E, &#xC9;luard...) son &#xAB;los m&#xE1;s grandes artistas de posguerra ordenados alfab&#xE9;ticamente&#xBB;, que pasan a ser el hilo conductor de este libro.

Benkemoun emprende entonces una b&#xFA;squeda obsesiva y pronto averigua que la agenda perteneci&#xF3; a Dora Maar, la famosa Mujer que llora de Picasso y una artista brillante por derecho propio. La autora se embarca en un viaje de descubrimiento de dos a&#xF1;os para contar la historia de una mujer provocativa, apasionada y enigm&#xE1;tica, y el papel que cada una de aquellas figuras desempe&#xF1;&#xF3; en su vida. El resultado es un retrato &#xFA;nico y deslumbrante de la artista y su mundo a trav&#xE9;s de instant&#xE1;neas, escenas de fiestas e ic&#xF3;nicos caf&#xE9;s, y fragmentos impactantes de su poes&#xED;a y de la poes&#xED;a escrita sobre ella.</subfield>
  </datafield>
  <datafield tag="600" ind1="1" ind2=" ">
    <subfield code="a">Maar, Dora,</subfield>
    <subfield code="d">1907-1997</subfield>
    <subfield code="2">embne</subfield>
    <subfield code="9">234481</subfield>
  </datafield>
  <datafield tag="655" ind1=" " ind2="0">
    <subfield code="a">Biograf&#xED;as</subfield>
    <subfield code="9">176647</subfield>
  </datafield>
  <datafield tag="700" ind1=" " ind2=" ">
    <subfield code="a">Calzada Garc&#xED;a, Julia</subfield>
    <subfield code="9">234482</subfield>
    <subfield code="e">trl</subfield>
  </datafield>
  <datafield tag="830" ind1=" " ind2=" ">
    <subfield code="a">Taurus biograf&#xED;as</subfield>
    <subfield code="9">234483</subfield>
  </datafield>
  <datafield tag="852" ind1=" " ind2=" ">
    <subfield code="a">ES-MaACL</subfield>
    <subfield code="b">R.154792</subfield>
    <subfield code="j">N-9522</subfield>
    <subfield code="9">200778</subfield>
    <subfield code="c">DEPOJ</subfield>
    <subfield code="h">Donaci&#xF3;n: &#xBF;editorial?</subfield>
    <subfield code="x">Encuadernaci&#xF3;n r&#xFA;stica con solapas</subfield>
  </datafield>
  <datafield tag="942" ind1=" " ind2=" ">
    <subfield code="n">0</subfield>
    <subfield code="c">MONOGRAFIA</subfield>
  </datafield>
  <datafield tag="999" ind1=" " ind2=" ">
    <subfield code="c">193332</subfield>
    <subfield code="d">193332</subfield>
  </datafield>
  <datafield tag="952" ind1=" " ind2=" ">
    <subfield code="0">0</subfield>
    <subfield code="1">0</subfield>
    <subfield code="2">udc</subfield>
    <subfield code="4">0</subfield>
    <subfield code="7">0</subfield>
    <subfield code="a">ATENEOM</subfield>
    <subfield code="b">ATENEOM</subfield>
    <subfield code="c">DEPOJ</subfield>
    <subfield code="d">2023-11-02</subfield>
    <subfield code="e">DONACION</subfield>
    <subfield code="l">0</subfield>
    <subfield code="o">N-9522</subfield>
    <subfield code="p">101206090</subfield>
    <subfield code="r">2023-11-02 00:00:00</subfield>
    <subfield code="y">MONOGRAFIA</subfield>
  </datafield>
</record>
